Ֆրանսիական առածներ և ասացվածքներ : (Record no. 239528)
[ view plain ]
| 000 -LEADER | |
|---|---|
| fixed length control field | 01225nam a2200229 a 4500 |
| 001 - CONTROL NUMBER | |
| control field | 000588698 |
| 003 - CONTROL NUMBER IDENTIFIER | |
| control field | AM-YeHGA |
| 005 - DATE AND TIME OF LATEST TRANSACTION | |
| control field | 20260403110314.0 |
| 008 - FIXED-LENGTH DATA ELEMENTS--GENERAL INFORMATION | |
| fixed length control field | 080701s1994 ai |||||r|||||||||0|arm|d |
| 040 ## - CATALOGING SOURCE | |
| Original cataloging agency | AM-YeHGA |
| 041 0# - LANGUAGE CODE | |
| Language code of text/sound track or separate title | arm |
| -- | fre |
| -- | rus |
| 245 00 - TITLE STATEMENT | |
| Title | Ֆրանսիական առածներ և ասացվածքներ : |
| Remainder of title | Ռուսերեն և հայերեն թարգմանությամբ ու համարժեքներով / |
| Statement of responsibility, etc. | Կազմ.՝ Ա.Հ. Նազարյան ; Խմբ.՝ Պ.Ս. Բեդիրյան. |
| 246 14 - VARYING FORM OF TITLE | |
| Title proper/short title | Proverbes et dictons francais . |
| Remainder of title | Avec leurs traductions et equivalents russes et armeniens |
| 246 14 - VARYING FORM OF TITLE | |
| Title proper/short title | Французские пословицы и поговорки . |
| Remainder of title | C переводом и эквивалентами в русском и армянском языках |
| 260 ## - PUBLICATION, DISTRIBUTION, ETC. | |
| Place of publication, distribution, etc. | Երևան : |
| Name of publisher, distributor, etc. | Հելիոս, |
| Date of publication, distribution, etc. | 1994. |
| 300 ## - PHYSICAL DESCRIPTION | |
| Extent | 183 էջ |
| 546 ## - LANGUAGE NOTE | |
| Language note | Տեքստը՝ հայ., ռուս. և ֆրանս. |
| 650 10 - SUBJECT ADDED ENTRY--TOPICAL TERM | |
| Topical term or geographic name entry element | Բանահյուսություն |
| General subdivision | Առածներ, ասացվածքներ |
| 9 (RLIN) | 5291 |
| 700 1# - ADDED ENTRY--PERSONAL NAME | |
| Personal name | Նազարյան, Արման Հրանտի, |
| Dates associated with a name | 1928-2007 |
| Relator term | կազմ. |
| Relationship | com |
| 9 (RLIN) | 1791 |
| 700 1# - ADDED ENTRY--PERSONAL NAME | |
| Personal name | Բեդիրյան, Պետրոս Սարգսի, |
| Dates associated with a name | 1931-2026 |
| Relator term | խմբ․ |
| 9 (RLIN) | 3189 |
| 942 ## - ADDED ENTRY ELEMENTS (KOHA) | |
| Source of classification or shelving scheme | Universal Decimal Classification |
| Koha item type | Գրքեր / Books |
| Withdrawn status | Lost status | Damaged status | Not for loan | Collection | Home library | Current library | Date acquired | Total checkouts | Full call number | Barcode | Date last seen | Price effective from | Koha item type | Public note |
|---|---|---|---|---|---|---|---|---|---|---|---|---|---|---|
| General | Fundamental Scientific Library | Fundamental Scientific Library | 28/12/2016 | AI/19979 | FL0064715 | 28/12/2016 | 28/12/2016 | Գրքեր / Books | 30 Days Loan |
ՀՀ Գիտությունների ազգային ակադեմիայի հիմնարար գիտական գրադարան = Fundamental Scientific Library of NAS RA
All site content, except where otherwise noted, is licensed under a